Normal view
MARC view
- Pallab Bhattacharya
Entry Personal Name
001 - CONTROL NUMBER
- control field: 126609
003 - CONTROL NUMBER IDENTIFIER
- control field: NUST
005 - DATE AND TIME OF LATEST TRANSACTION
- control field: 20241030113529.0
008 - FIXED-LENGTH DATA ELEMENTS
- fixed length control field: 241030|| aca||aabn | a|a d
040 ## - CATALOGING SOURCE
- Original cataloging agency: NUST
- Transcribing agency: NUST
100 ## - HEADING--PERSONAL NAME
- Personal name: Pallab Bhattacharya
670 ## - SOURCE DATA FOUND
- Source citation: Work cat.: (NUST): Pallab Bhattacharya , Semiconductor optoelectronic devices , 1997.
